| 000 | 04625cam a22008294i 4500 | ||
|---|---|---|---|
| 003 | PE-LiUPU | ||
| 005 | 20250731170420.0 | ||
| 008 | 180222s2017 mx a rb 000 0 spa d | ||
| 020 | _a607323841X | ||
| 020 | _a9786073238410 | ||
| 035 | _a(Sirsi) a241362 | ||
| 040 |
_aPE-LiUPU _bspa _cPE-LiUPU _erda |
||
| 049 | _aPRUA | ||
| 082 | 0 | 4 |
_a158.7 _bZ57 |
| 082 | 0 | 4 |
_a158.7 _bZ57 2017 |
| 082 | 0 | 4 |
_a158.7 _bZ67 _220 |
| 100 | 1 |
_aZepeda Herrera, Fernando, _eautor. |
|
| 245 | 1 | 0 |
_aPsicología organizacional / _cFernando Zepeda Herrera ; revisión técnica Omar Sánchez Valdez. |
| 250 | _aSegunda edición. | ||
| 264 | 1 |
_aMéxico : _bPearson Educación, _c2017. |
|
| 300 |
_axii, 524 páginas : _bilustraciones ; _c25 centímetros |
||
| 336 |
_atext _2rdacontent |
||
| 337 |
_aunmediated _2rdamedia |
||
| 338 |
_avolume _2rdacarrier |
||
| 504 | _aIncluye referencia bibliográfica. | ||
| 505 | 0 | _aEl campo de la psicología organizacional -- La psicología organizacional en México y América latina -- El cambio organizacional -- Visión, misión y filosofía organizacionales -- Formación de equipos de trabajo -- Liderazgo y relaciones jefe-colaborador -- Solución de problemas -- Creatividad -- La toma de decisiones - Motivación -- Solución de conflictos -- Participación y reconocimiento -- Integración de talento la empresa -- Retención de talento en la organización -- Desarrollo de talento en la organización -- Desarrollo estructural y funcional de la organización -- Conocimiento del consumidor -- Ética y psicología organizacional. | |
| 526 | _aSEG68 | ||
| 526 | _aSEG70 | ||
| 526 | _aSEG69 | ||
| 526 | _aSEG67 | ||
| 526 | _aSEG43 | ||
| 526 | _aP144 | ||
| 526 | _aP143 | ||
| 526 | _aP131 | ||
| 526 | _aP122 | ||
| 526 | _aP120 | ||
| 526 | _aP117 | ||
| 526 | _aP112 | ||
| 526 | _aP110 | ||
| 526 | _aP106 | ||
| 526 | _aP101 | ||
| 526 | _aP80 | ||
| 526 | _aP59 | ||
| 526 | _aP54 | ||
| 526 | _aP35 | ||
| 526 | _aP33 | ||
| 526 | _aP30 | ||
| 541 | _gF002-00000833; | ||
| 541 | _g057-0002047; | ||
| 541 | _gF002-00000796; | ||
| 541 | _g002-00001572; | ||
| 650 | 0 | 4 |
_aPsicología Organizacional. _9347 |
| 650 | 0 | 4 | _aOrganización. |
| 700 | 1 |
_aSánchez Valdez, Omar, _erevisor. |
|
| 910 |
_armch _btqv _cjfb _d20190123 |
||
| 910 |
_armch _bwelc _cwelc _d20180222 |
||
| 910 |
_adbm _bsag _csag _d20190201 |
||
| 910 |
_abgr _bncf _cncf _d20190812 |
||
| 942 |
_2ddc _cBOOK |
||
| 949 |
_a158.7 Z57 2017 _wDEWEY _c1 _iFJ10432 _lCCODEBUJ1 _mBUJ _p28.68 _r0 _sY _tBOOK _u2018-02-22 _xSALUD _PP33 _0COMPRA _o.STAFF. Colección General Juliaca |
||
| 949 |
_a158.7 Z57 2017 _wDEWEY _c2 _iFJ10433 _lCCODEBUJ1 _mBUJ _p28.68 _r0 _sY _tBOOK _u2018-02-22 _xSALUD _PP33 _0COMPRA _o.STAFF. Colección General Juliaca |
||
| 949 |
_a158.7 Z57 2017 _wDEWEY _c3 _iFJ10434 _lCCODEBUJ1 _mBUJ _p28.68 _r0 _sY _tBOOK _u2018-02-22 _xSALUD _PP33 _0COMPRA _o.STAFF. Colección General Juliaca |
||
| 949 |
_a158.7 Z57 2017 _wDEWEY _c4 _iFJ12441 _lCCODEBUJ1 _mBUJ _p33.00 _r0 _sY _tBOOK _u2019-01-23 _xSALUD _PP33 _0COMPRA _o.STAFF. Colección General Juliaca |
||
| 994 |
_aC0 _bPEPRU |
||
| 596 | _a1 3 | ||
| 999 |
_a158.7 Z57 2017 _wDEWEY _c27003 _iFJ10432 _d27003 _e2019-4-29 _f2022-1-17 _g3 _lCCODEBUJ1 _mBUJ _n12 _p28.68 _q28 _r0 _sY _tBOOK _u2018-2-22 _xSALUD _zP33 _0COMPRA _o.STAFF. Colección General Juliaca |
||
| 999 |
_a158.7 Z57 2017 _wDEWEY _c2 _iFJ10433 _d2019-11-6 _e2019-10-14 _f2022-1-17 _g3 _lCCODEBUJ1 _mBUJ _n10 _p28.68 _q26 _r0 _sY _tBOOK _u2018-2-22 _xSALUD _zP33 _0COMPRA _o.STAFF. Colección General Juliaca |
||
| 999 |
_a158.7 Z57 2017 _wDEWEY _c3 _iFJ10434 _d2019-11-14 _e2019-11-11 _f2022-1-17 _g3 _lCCODEBUJ1 _mBUJ _n10 _p28.68 _q19 _r0 _sY _tBOOK _u2018-2-22 _xSALUD _zP33 _0COMPRA _o.STAFF. Colección General Juliaca |
||
| 999 |
_a158.7 Z57 2017 _wDEWEY _c4 _iFJ12441 _d2019-9-4 _e2019-8-7 _f2022-1-17 _g3 _lCCODEBUJ1 _mBUJ _n6 _p33.00 _q23 _r0 _sY _tBOOK _u2019-1-23 _xSALUD _zP33 _0COMPRA _1FCOMPR2 _2UNKNOWN _o.STAFF. Colección General Juliaca |
||
| 999 |
_a158.7 Z67 _wDEWEY _c1 _i79940 _d2019-11-20 _e2019-11-17 _f2021-11-3 _g3 _lCCODEBUL1 _mBUL _n7 _p31.83 _q4 _r0 _sY _tBOOK _u2019-2-4 _xSALUD _zP33 _0COMPRA _1FCOMPR2 _o.STAFF. Colección Ciencias de la Salud |
||
| 999 |
_a158.7 Z67 _wDEWEY _c2 _i80134 _d2019-11-22 _e2019-11-18 _f2021-11-3 _g3 _lCCODEBUL1 _mBUL _n4 _p31.35 _r0 _sY _tBOOK _u2019-8-12 _xSALUD _zP33 _0COMPRA _1FCOMPR3 _o.STAFF. Colección Ciencias de la Salud |
||
| 980 |
_81 _gALBERTO SANCHEZ Responsable de Automatización |
||